000
00316nam a22001457a 4500
008
210308b ||||| |||| 00| 0 eng d
020
_a
2900130834101
041
_a
eng
080
_2
3rd
_a
91
082
_a
91
100
_a
42
101
_a
GJEO
245
_a
Resources of the Earth
_c
Craig, J.R
942
_2
udc
_c
BK
999
_c
56012
_d
56012